[Event "La Balanguera Nadal op"]
[Site "La Balanguera"]
[Date "2021.12.12"]
[Round "5"]
[White "Canyelles Sureda, Joan"]
[Black "Roca Ramis De Ayreflor, Leo"]
[Result "0-1"]
[WhiteElo "1614"]
[BlackElo "1113"]
[PlyCount "74"]
[EventDate "2021.12.10"]
[EventType "swiss"]
[EventRounds "5"]
[EventCountry "ESP"]
[SourceTitle "EXT 2023"]
[Source "ChessBase"]
[SourceDate "2022.10.05"]
[SourceVersion "1"]
[SourceVersionDate "2022.10.05"]
[SourceQuality "1"]

1. e4 c5 2. Nf3 d6 3. d4 cxd4 4. Nxd4 Nf6 5. Nc3 e6 6. Bb5+ Bd7 7. Bxd7+ Qxd7 8. Bg5 Be7 9. Ndb5 Nc6 10. Bxf6 gxf6 11. Qd2 a6 12. Nd4 Ne5 13. 0-0-0 Nc4 14. Qd3 Ne5 15. Qe2 Rc8 16. f4 Ng6 17. g3 Bf8 18. f5 Ne5 19. Qh5 Ke7 20. g4 Bg7 21. Qh3 Rhg8 22. fxe6 fxe6 23. g5 Rh8 24. Rhg1 Rcf8 25. Na4 Kf7 26. Nb6 Qe8 27. Rgf1 h6 28. gxf6 Bxf6 29. Rf2 Rfg8 30. Rdf1 Rg6 31. Kb1 Ng4 32. Rf4 Rhg8 33. Qh5 Ke7 34. Nb3 Ne3 35. R1f2 Rg1+ 36. Rf1 Rxf1+ 37. Rxf1 Qxh5 0-1

[Event "Calvia Amateur op 17th"]
[Site "Calvia"]
[Date "2020.10.14"]
[Round "5"]
[White "Canyelles Sureda, Joan"]
[Black "Febrero Perez, Lluis"]
[Result "1-0"]
[WhiteElo "1615"]
[BlackElo "1413"]
[PlyCount "63"]
[EventDate "2020.10.10"]
[EventType "swiss"]
[EventRounds "9"]
[EventCountry "ESP"]
[SourceTitle "CBM 198 Extra"]
[Source "ChessBase"]
[SourceDate "2020.11.30"]
[SourceVersion "1"]
[SourceVersionDate "2020.11.30"]
[SourceQuality "1"]

1. e4 e5 2. Nf3 Nc6 3. Bc4 Be7 4. c3 Nf6 5. d3 0-0 6. 0-0 d5 7. exd5 Nxd5 8. Re1 Bf6 9. h3 Be6 10. Nbd2 Nf4 11. Bxe6 Nxe6 12. Ne4 Be7 13. Qc2 f5 14. Ng3 Bd6 15. b3 Qd7 16. Bb2 Rae8 17. Rad1 b5 18. Nh2 a5 19. Nf3 Qf7 20. c4 Nb4 21. Qb1 c5 22. Nxe5 Qb7 23. Nf3 Bxg3 24. fxg3 Qc7 25. d4 cxd4 26. Nxd4 Nxd4 27. Bxd4 Rxe1+ 28. Rxe1 Qd7 29. Bc5 Nd3 30. Rd1 Rd8 31. Bb6 Qd6 32. Bxd8 1-0

[Event "Calvia Amateur op 17th"]
[Site "Calvia"]
[Date "2020.10.11"]
[Round "2"]
[White "Canyelles Sureda, Joan"]
[Black "Lazarte Anello, David Emiliano"]
[Result "0-1"]
[WhiteElo "1615"]
[BlackElo "2102"]
[PlyCount "84"]
[EventDate "2020.10.10"]
[EventType "swiss"]
[EventRounds "9"]
[EventCountry "ESP"]
[SourceTitle "CBM 198 Extra"]
[Source "ChessBase"]
[SourceDate "2020.11.30"]
[SourceVersion "1"]
[SourceVersionDate "2020.11.30"]
[SourceQuality "1"]

1. e4 c5 2. Nf3 d6 3. d4 cxd4 4. Nxd4 Nf6 5. Nc3 a6 6. Bd3 e5 7. Nb3 Be7 8. 0-0 b5 9. a3 Be6 10. h3 Nbd7 11. Be3 Rc8 12. Qe2 Qc7 13. f4 Nb6 14. f5 Bd7 15. Nd2 h6 16. Qf2 Nc4 17. Nxc4 bxc4 18. Be2 Qb7 19. Rab1 Nxe4 20. Nxe4 Qxe4 21. Bh5 Qb7 22. Qg3 Bf6 23. c3 Bc6 24. Rf2 Qe7 25. Bg4 Ba8 26. Rd1 Kf8 27. Rfd2 d5 28. Be2 Kg8 29. Qf2 Kh7 30. Bb6 Bc6 31. Re1 Bh4 32. g3 Bf6 33. Bf3 Qb7 34. Be3 Rhd8 35. Red1 Rd7 36. Qg2 Rcd8 37. Qh1 Qb3 38. Bxd5 Bxd5 39. Qh2 Bc6 40. Rxd7 Rxd7 41. Rxd7 Bxd7 42. Qf2 Qd1+ 0-1

[Event "Mallorca-ch U18"]
[Site "Algaida"]
[Date "2020.02.09"]
[Round "1.6"]
[White "Strauch, Alexander"]
[Black "Canyelles Sureda, Joan"]
[Result "0-1"]
[WhiteElo "1098"]
[BlackElo "1659"]
[PlyCount "58"]
[EventDate "2020.02.09"]
[EventType "swiss"]
[EventRounds "6"]
[EventCountry "ESP"]
[SourceTitle "EXT 2024"]
[Source "ChessBase"]
[SourceDate "2023.10.10"]
[SourceVersion "1"]
[SourceVersionDate "2023.10.10"]
[SourceQuality "1"]

1. e4 c5 2. Nc3 d6 3. Bc4 g6 4. Nf3 Bg7 5. d3 Nc6 6. Ng5 e6 7. f4 Nge7 8. Nf3 0-0 9. 0-0 a6 10. a3 d5 11. Ba2 b5 12. Re1 Bb7 13. e5 Nf5 14. Ne2 d4 15. c3 Re8 16. Ng3 Nxg3 17. hxg3 Qd7 18. Qc2 Rad8 19. Rd1 f6 20. b3 fxe5 21. cxd4 Nxd4 22. Nxd4 Qxd4+ 23. Kf1 exf4 24. Bxf4 Kh8 25. Rd2 e5 26. Bg5 Rf8+ 27. Ke1 Qg1+ 28. Ke2 Qf2+ 29. Kd1 Qf1# 0-1

[Event "Palma Bellon Memorial School"]
[Site "Palma"]
[Date "2019.09.17"]
[Round "4.2"]
[White "Torrisi Valle, David"]
[Black "Canyelles Sureda, Joan"]
[Result "0-1"]
[WhiteElo "1100"]
[BlackElo "1591"]
[PlyCount "56"]
[EventDate "2019.09.10"]
[EventType "swiss"]
[EventRounds "6"]
[EventCountry "ESP"]
[SourceTitle "EXT 2024"]
[Source "ChessBase"]
[SourceDate "2023.10.10"]
[SourceVersion "1"]
[SourceVersionDate "2023.10.10"]
[SourceQuality "1"]

1. e4 e6 2. d4 d5 3. exd5 exd5 4. c4 c6 5. Nf3 Nf6 6. Nc3 Bd6 7. Qb3 Bc7 8. c5 0-0 9. Bg5 Nbd7 10. Be2 h6 11. Bh4 Re8 12. 0-0-0 b6 13. Qc2 bxc5 14. dxc5 Rb8 15. Bd3 Nxc5 16. Bh7+ Kh8 17. g4 Bf4+ 18. Kb1 Qd6 19. Bxf6 Qxf6 20. Nxd5 cxd5 21. Rhe1 Rxe1 22. Rxe1 Bd7 23. b3 Na4 24. Re2 Nc3+ 25. Kb2 Nxe2+ 26. Kb1 Nc3+ 27. Kb2 Nb5+ 28. Kb1 Na3# 0-1

[Event "Palma Bellon Memorial School"]
[Site "Palma"]
[Date "2019.09.11"]
[Round "2.2"]
[White "Cisneros Serra, Javier"]
[Black "Canyelles Sureda, Joan"]
[Result "1-0"]
[WhiteElo "1365"]
[BlackElo "1591"]
[PlyCount "29"]
[EventDate "2019.09.10"]
[EventType "swiss"]
[EventRounds "6"]
[EventCountry "ESP"]
[SourceTitle "EXT 2024"]
[Source "ChessBase"]
[SourceDate "2023.10.10"]
[SourceVersion "1"]
[SourceVersionDate "2023.10.10"]
[SourceQuality "1"]

1. e4 e6 2. d4 d5 3. Nc3 Bb4 4. Nge2 dxe4 5. a3 Ba5 6. b4 Bb6 7. Nxe4 Nc6 8. Be3 Nce7 9. c4 c6 10. Bf4 Nf5 11. g4 Nxd4 12. Nd6+ Ke7 13. Nxd4 Bc7 14. c5 Nf6 15. Be2 1-0

[Event "Mallorca-ch U18"]
[Site "Mallorca"]
[Date "2019.04.21"]
[Round "5"]
[White "Pons Vinent, Angel"]
[Black "Canyelles Sureda, Joan"]
[Result "1-0"]
[WhiteElo "1746"]
[BlackElo "1535"]
[PlyCount "51"]
[EventDate "2019.04.19"]
[EventType "swiss"]
[EventRounds "5"]
[EventCountry "ESP"]
[SourceTitle "EXT 2024"]
[Source "ChessBase"]
[SourceDate "2023.10.10"]
[SourceVersion "1"]
[SourceVersionDate "2023.10.10"]
[SourceQuality "1"]

1. e4 e6 2. d3 d5 3. Nd2 c5 4. Ngf3 Nc6 5. g3 Nf6 6. Bg2 Bd6 7. 0-0 0-0 8. Re1 Bc7 9. Qe2 b6 10. Nf1 Bb7 11. e5 Nd7 12. Bf4 Qb8 13. h4 Re8 14. N1h2 d4 15. h5 h6 16. Ng4 Kh7 17. Qd2 Ne7 18. Bxh6 Nf5 19. Bf4 Qc8 20. Ng5+ Kg8 21. Bxb7 Qxb7 22. Ne4 Bd8 23. h6 Rf8 24. hxg7 Kxg7 25. Bh6+ Nxh6 26. Qxh6+ 1-0

[Event "Mallorca-ch C"]
[Site "Palma de Mallorca"]
[Date "2018.11.17"]
[Round "3.5"]
[White "Canyelles Sureda, Joan"]
[Black "Ramon Sanchez Campins, Pedro"]
[Result "1-0"]
[WhiteElo "1426"]
[BlackElo "1744"]
[PlyCount "163"]
[EventDate "2018.11.10"]
[EventType "swiss"]
[EventRounds "6"]
[EventCountry "ESP"]
[SourceTitle "EXT 2024"]
[Source "ChessBase"]
[SourceDate "2023.10.10"]
[SourceVersion "1"]
[SourceVersionDate "2023.10.10"]
[SourceQuality "1"]

1. e4 g6 2. d4 Bg7 3. Nf3 d6 4. Bc4 e6 5. 0-0 Ne7 6. Nc3 0-0 7. h3 b6 8. Qd3 Bb7 9. Bf4 Nbc6 10. a3 e5 11. dxe5 dxe5 12. Bg3 Qxd3 13. cxd3 h6 14. Nd5 Rac8 15. Nxe7+ Nxe7 16. Bxe5 c5 17. Bxg7 Kxg7 18. Rfe1 Rcd8 19. Rad1 Nc8 20. b4 cxb4 21. axb4 Nd6 22. Bb3 Nb5 23. Rd2 Nd4 24. Nxd4 Rxd4 25. Bc4 Rfd8 26. Ra2 b5 27. Bxb5 Rxb4 28. Bc4 a6 29. f3 Rd6 30. Kf2 Rdb6 31. Ke3 Rb1 32. Rxb1 Rxb1 33. Kf2 Rd1 34. Rb2 Bc6 35. Bxa6 Ba4 36. Ke3 Re1+ 37. Re2 Ra1 38. Rd2 Bd7 39. Bc4 Re1+ 40. Kf2 Rc1 41. Bb3 Bb5 42. Bd1 h5 43. Be2 h4 44. d4 Bd7 45. f4 Rc3 46. Rd3 Rc2 47. Rd1 Bb5 48. Re1 Rb2 49. Kf1 Bd7 50. Rd1 Ba4 51. Rc1 Bc2 52. Bf3 Bd3+ 53. Ke1 Rb4 54. Rd1 Rxd4 55. Be2 Rxe4 56. Rxd3 Rxf4 57. Rf3 Rb4 58. Kf2 f6 59. Rc3 Rb7 60. Kf3 g5 61. Kg4 Kh6 62. Kf5 Kg7 63. Rc6 Re7 64. Bf3 Re5+ 65. Kg4 Kg6 66. Bd1 Re4+ 67. Kf3 Rf4+ 68. Ke3 Kf5 69. Bc2+ Ke5 70. Rc5+ Kd6 71. Rf5 Rxf5 72. Bxf5 Ke5 73. Bg4 f5 74. Bh5 Kf6 75. Be2 Ke5 76. Bf3 g4 77. hxg4 fxg4 78. Bxg4 Kf6 79. Bh3 Kg5 80. Kf3 Kh5 81. Kf4 Kg6 82. Kg4 1-0

[Event "Mallorca-ch Tercera"]
[Site "Palma"]
[Date "2017.12.06"]
[Round "3.9"]
[White "Canyelles Sureda, Joan"]
[Black "Miro Serra, Pedro Antonio"]
[Result "1-0"]
[WhiteElo "1270"]
[BlackElo "1344"]
[PlyCount "135"]
[EventDate "2017.12.02"]
[EventType "swiss"]
[EventRounds "8"]
[EventCountry "ESP"]
[SourceTitle "EXT 2024"]
[Source "ChessBase"]
[SourceDate "2023.10.10"]
[SourceVersion "1"]
[SourceVersionDate "2023.10.10"]
[SourceQuality "1"]

1. d4 d5 2. Nf3 Nc6 3. g3 Nf6 4. Bg2 e6 5. 0-0 Be7 6. c4 0-0 7. Nc3 a6 8. b3 Rb8 9. Bf4 Bb4 10. Qd3 Re8 11. a3 Bd6 12. Bxd6 cxd6 13. cxd5 exd5 14. Ng5 h6 15. Nh3 Ne7 16. Nf4 Bf5 17. Qd2 Ne4 18. Qb2 Qa5 19. b4 Qd8 20. Nfxd5 Nxc3 21. Nxc3 Bg6 22. e3 Nc8 23. Rfe1 Nb6 24. Qb3 Kh8 25. Nd5 Be4 26. Nxb6 Bxg2 27. Kxg2 Qxb6 28. Qxf7 Rf8 29. Qd5 Rf6 30. Re2 Rbf8 31. Rc1 Rf5 32. Qe4 Qb5 33. Rd2 Re8 34. Qd3 Qd5+ 35. Kg1 Qf7 36. Re1 Rf8 37. f4 Qh5 38. Qe2 Qf7 39. e4 Re8 40. e5 dxe5 41. dxe5 Qg6 42. Qd3 Qg4 43. Qe2 Rxf4 44. Qxg4 Rxg4 45. Rd7 b5 46. e6 Kg8 47. Ra7 Rg6 48. Rxa6 Kf8 49. Ra5 Rb8 50. Ra7 Re8 51. Rf1+ Rf6 52. Rxf6+ gxf6 53. Rf7+ Kg8 54. Rxf6 Kg7 55. Rf5 Rxe6 56. Rxb5 Re1+ 57. Kf2 Ra1 58. Ra5 Ra2+ 59. Kg1 Ra1+ 60. Kg2 Ra2+ 61. Kh3 Kf6 62. Ra6+ Kg5 63. b5 Rb2 64. a4 h5 65. b6 h4 66. Ra5+ Kf6 67. Rb5 Rc2 68. b7 1-0

[Event "Mallorca-ch Tercera"]
[Site "Palma"]
[Date "2017.12.03"]
[Round "2.7"]
[White "Garcia Alberti, Jorge Pedro"]
[Black "Canyelles Sureda, Joan"]
[Result "1/2-1/2"]
[WhiteElo "1466"]
[BlackElo "1270"]
[PlyCount "40"]
[EventDate "2017.12.02"]
[EventType "swiss"]
[EventRounds "8"]
[EventCountry "ESP"]
[SourceTitle "EXT 2024"]
[Source "ChessBase"]
[SourceDate "2023.10.10"]
[SourceVersion "1"]
[SourceVersionDate "2023.10.10"]
[SourceQuality "1"]

1. e4 e6 2. d4 d5 3. e5 c5 4. c3 Nc6 5. Nf3 Nge7 6. Bg5 Qb6 7. b3 Nf5 8. dxc5 Bxc5 9. Qd2 h6 10. Bf4 Bd7 11. Bd3 0-0-0 12. 0-0 Rdg8 13. Bxf5 exf5 14. Be3 g5 15. Bxc5 Qxc5 16. b4 Qb5 17. a4 Qc4 18. Na3 Qf4 19. Qxf4 gxf4 20. Nb5 Rg7 1/2-1/2

[Event "Palma Bellon Memorial U18"]
[Site "Palma"]
[Date "2017.09.02"]
[Round "3.7"]
[White "Juan Lepp, Jaime Boris"]
[Black "Canyelles Sureda, Joan"]
[Result "1-0"]
[WhiteElo "1189"]
[BlackElo "1331"]
[PlyCount "65"]
[EventDate "2017.09.01"]
[EventType "swiss"]
[EventRounds "5"]
[EventCountry "ESP"]
[SourceTitle "EXT 2024"]
[Source "ChessBase"]
[SourceDate "2023.10.10"]
[SourceVersion "1"]
[SourceVersionDate "2023.10.10"]
[SourceQuality "1"]

1. e4 e6 2. d4 d5 3. exd5 exd5 4. c4 c6 5. Nc3 Nf6 6. Nf3 Bb4 7. a3 Bxc3+ 8. bxc3 0-0 9. cxd5 cxd5 10. Be2 Nc6 11. 0-0 Bf5 12. Bf4 Re8 13. Ne5 Nxe5 14. Bxe5 Ne4 15. c4 Nc3 16. Qe1 Nxe2+ 17. Qxe2 dxc4 18. Qxc4 Qg5 19. Qc1 Qg6 20. Bg3 Rac8 21. Qb2 b6 22. Rac1 Rc6 23. Rxc6 Qxc6 24. h3 Rd8 25. Rc1 Qa4 26. Re1 h6 27. Re7 Rxd4 28. Be5 Rd1+ 29. Kh2 f6 30. Bb8 Rd7 31. Qa2+ Kh7 32. Re8 Bg6 33. Qg8# 1-0

[Event "Mallorca School Castell D'Alaro op"]
[Site "Mallorca"]
[Date "2016.03.30"]
[Round "3.2"]
[White "Canyelles Sureda, Joan"]
[Black "Lopez, Xisco"]
[Result "1/2-1/2"]
[WhiteElo "1214"]
[BlackElo "1448"]
[PlyCount "45"]
[EventDate "2016.03.30"]
[EventType "swiss"]
[EventRounds "6"]
[EventCountry "ESP"]
[SourceTitle "EXT 2024"]
[Source "ChessBase"]
[SourceDate "2023.10.10"]
[SourceVersion "1"]
[SourceVersionDate "2023.10.10"]
[SourceQuality "1"]

1. d4 Nf6 2. Nf3 g6 3. g3 Bg7 4. Bg2 0-0 5. 0-0 d6 6. c4 Nbd7 7. Bf4 c5 8. d5 Nb6 9. Nc3 Nxc4 10. Qb3 Nb6 11. e4 e6 12. Rfe1 exd5 13. exd5 Bf5 14. h3 a6 15. a4 Ra7 16. g4 Bd7 17. Bxd6 Re8 18. Bxc5 Rxe1+ 19. Rxe1 Ra8 20. Bxb6 Qc8 21. Ne5 Ne8 22. f4 Nd6 23. Rc1 1/2-1/2